Discographie de Babymetal - Statistiques

Statistiques générales
  • Ce quiz a été pris 10 fois
  • Le résultat moyen est 53 sur 67
Statistiques - réponses
Date de sortie Réponse % Correct
Arkadia
100%
BxMxC
100%
Elevator Girl
100%
from me to u (feat. Poppy)
100%
Gimme Chocolate!! (ギミチョコ!!)
100%
Headbangeeeeerrrrr!!!!! (ヘドバンギャー!!)
100%
Ijime, Dame, Zettai (イジメ、ダメ、ゼッタイ)
100%
Kon! Kon! (feat. Bloodywood)
100%
Megitsune (メギツネ)
100%
METALI!! (feat. Tom Morello) (メタり!! )
100%
METAL KINGDOM
100%
My Queen (feat. Spiritbox)
100%
Oh! MAJINAI (feat. Joakim Brodén)
100%
PA PA YA!! (feat. F.HERO)
100%
RATATATA
100%
Road of Resistance
100%
Song 4 (4の歌)
100%
Starlight
100%
Akatsuki (紅月 -アカツキ-)
83%
Amore
83%
Awadama Fever (あわだまフィーバー)
83%
2014 BABYMETAL
83%
Babymetal Death
83%
Da Da Dance (feat. Tak Matsumoto)
83%
FUTURE METAL
83%
Iine! (いいね!)
83%
KARATE
83%
KxAxWxAxIxI
83%
MAYA
83%
2019 Metal Galaxy
83%
2016 METAL RESISTANCE
83%
Meta Taro (メタ太郎)
83%
Monochrome
83%
Night Night Burn!
83%
Onedari Daisakusen (おねだり大作戦)
83%
Rondo of Nightmare (悪夢の輪舞曲ロンド)
83%
Shine
83%
Song 3
83%
Syncopation (シンコペーション)
83%
THE LEGEND
83%
The One
83%
2023 THE OTHER ONE
83%
Uki Uki ★ Midnight (ウ・キ・ウ・キ★ミッドナイト)
83%
YAVA! (ヤバッ!)
83%
Believing
67%
Catch Me If You Can
67%
Distortion (feat. Alissa White-Gluz)
67%
Divine Attack - Shingeki -
67%
Doki Doki ☆ Morning (ド・キ・ド・キ☆モーニング)
67%
GJ!
67%
Kagerou
67%
Light and Darkness
67%
2025 METAL FORTH
67%
METALIZM
67%
Mirror Mirror
67%
No Rain, No Rainbow
67%
Shanti Shanti Shanti
67%
Sis. Anger
67%
Tales of The Destinies
67%
Time Wave
67%
↑↓←→BBAB
50%
Brand New Day
50%
From Dusk Till Dawn
50%
IN THE NAME OF
50%
Algorism
33%
Sunset Kiss (feat. Polyphia)
33%
White Flame -白炎-
33%
Aucun quiz correspondant
Distribution des résultats
% des personnes avec chaque résultat
Percentile par nombre de réponses
Votre historique - résultats
Vous n’avez pas pris ce quiz